00642nam a2200193Ia 4500008004100000020001300041082001700054100002300071245003100094250000700125260004100132300003100173500001900204600002100223650005000244942000700294952013200301999001500433240925s9999 xx 000 0 und d a70411859 a005.7565 BRO aBrown ,Bradley D. 0aOracle 8i: web development aNA aNew Delhi:bTata McGraw Hillc,2000. axxxiv,1070p.bNAfOriginal aIncludes Index aComputer Science aComputer science, information & general works cBK 001040708CSaUITUbUITUd2002-05-15eRoyal Book Companyg698.49l0o005.7565 BROpQ4142r2024-09-25 07:13:24w2024-09-25yBK c6641d6641